Seroepidemiology of Neospora caninum among goats (Capra hircus) in the state of Paraíba, northeastern Brazil (Registro n. 300932)
[ somente texto ]
| 000 -LÍDER | |
|---|---|
| fixed length control field | 04016nab a2200397 i 4500 |
| 003 - CÓDIGO MARC DA AGÊNCIA CATALOGADORA | |
| Campo de controle | BR-BrBNA |
| 005 - DATA E HORA DA ÚLTIMA ATUALIZAÇÃO | |
| Campo de controle | 20240816115207.0 |
| 008 - CAMPO DE TAMANHO FIXO | |
| fixed length control field | 240816b2018 bl.|r|pooa||| 00| 0 eng | |
| 040 ## - FONTE DA CATALOGAÇÃO | |
| Agência catalogadora | BR-BrBNA |
| Idioma da catalogação | eng |
| 072 ## - CATEGORIA AGRIS | |
| Código AGRIS | L50 |
| Código do objeto | 5250 |
| 072 ## - CATEGORIA AGRIS | |
| Código AGRIS | L70 |
| 100 ## - ENTRADA PRINCIPAL - NOME PESSOAL | |
| Nome pessoal | Braz, B.M.A. |
| 100 ## - ENTRADA PRINCIPAL - NOME PESSOAL | |
| Nome pessoal | Valente, J.D.M. |
| 100 ## - ENTRADA PRINCIPAL - NOME PESSOAL | |
| Nome pessoal | Villalobos, E.M.C. |
| 100 ## - ENTRADA PRINCIPAL - NOME PESSOAL | |
| Nome pessoal | Lara, M.C.C.S.H. |
| 100 ## - ENTRADA PRINCIPAL - NOME PESSOAL | |
| Nome pessoal | Machado, C.A.L. |
| 100 ## - ENTRADA PRINCIPAL - NOME PESSOAL | |
| Nome pessoal | Barbosa, I.C. |
| 100 ## - ENTRADA PRINCIPAL - NOME PESSOAL | |
| Nome pessoal | Melo, V.S.P. |
| 100 ## - ENTRADA PRINCIPAL - NOME PESSOAL | |
| Nome pessoal | Stipp, D.T. |
| 100 ## - ENTRADA PRINCIPAL - NOME PESSOAL | |
| Nome pessoal | Barros-Filho, I.R. |
| 100 ## - ENTRADA PRINCIPAL - NOME PESSOAL | |
| Nome pessoal | Biondo, A.W. |
| 100 ## - ENTRADA PRINCIPAL - NOME PESSOAL | |
| Nome pessoal | Vieira, T.S.W.J. |
| 100 ## - ENTRADA PRINCIPAL - NOME PESSOAL | |
| Nome pessoal | Vieira, R.F.C. |
| 245 ## - TÍTULO PRINCIPAL | |
| Título principal | Seroepidemiology of Neospora caninum among goats (Capra hircus) in the state of Paraíba, northeastern Brazil |
| 500 ## - NOTA GERAL | |
| Nota geral | Publicação online; 30 ref.; Summaries (En, Pt) |
| 942 ## - ADDED ENTRY ELEMENTS (KOHA) | |
| Koha item type | |
| 520 ## - NOTA DE RESUMO | |
| Nota de conteúdo | <br/><br/>ABSTRACT - Although goat dairy farms in Brazil may have a higher risk of infection by Neospora caninum than beef farms, risk factor evaluation on a representative population remains to be fully established in Brazil. Accordingly, this study aimed to establish the occurrence of anti-N. caninum antibodies and factors associated with exposure in 406 blood samples from five dairy and three beef goat farms in the state of Paraíba, northeastern Brazil. Anti-N. caninum antibodies were detected by indirect immunofluorescence assay (IFA), with samples considered positive when reacting with dilution ≥ 1:50. A total of 106/406 goats (26.11%; 95% CI: 21.96-30.72%) were seroreactive comprising 2/61 (3.28%), 10/45 (22.22%), 13/50 (26.00%), 17/51 (33.33%) to 29/46 (63.04%) in dairy farms, and from 3/54 (5.56%), 12/50 (24.00%) to 20/49 (40.82%) on the beef farms. No significant associations were found in relation to age, gender, dairy versus beef farms, occurrence of abortions or mummified fetuses, and seroreactivity to N. caninum (P>0.05). In conclusion, goat farms in the state of Paraíba showed the highest occurrence of anti-N. caninum antibodies to date in Brazil.<br/><br/><br/>Keywords: IFA, neosporosis, seroprevalence, small ruminants |
| 520 ## - NOTA DE RESUMO | |
| Nota de conteúdo | <br/><br/>RESUMO - Embora as criações caprinas de leite no Brasil possam ter maior probabilidade de risco de infecção por Neospora caninum do que as de carne, a avaliação dos fatores de risco em uma população representativa ainda não está totalmente estabelecida no Brasil. Dessa forma, este estudo teve por objetivo estabelecer a soroprevalência de N. caninum e seus fatores associados à exposição em 406 amostras de sangue de cinco fazendas de leite e três de corte provenientes do estado da Paraíba, região Nordeste do Brasil. A detecção de anticorpos anti-N. caninum foi realizada utilizando-se a reação de imunofluorescência indireta (RIFI), com as amostras consideradas positivas na diluição ≥ 1:50. No total, 106/406 (26,11%; IC 95%: 21,96-30,72%) caprinos foram sororreagentes, variando de 2/61 (3,28%), 10/45 (22,22%), 13/50 (26,00%), 17/51 (33,33%) a 29/46 (63,04%) em fazendas de leite, e de 3/54 (5,56%), 12/50 (24,00%) a 20/49 (40,82%) em fazendas de corte. Não foram observadas associações significativas entre idade, sexo, criação de leite e carne, ocorrência de abortamentos ou fetos mumificados e sororreatividade para N. caninum (P>0,05). Em conclusão, fazendas de caprinos da Paraíba mostraram as mais altas ocorrências de anticorpos anti-N. caninum até o momento no Brasil. <br/><br/><br/>Palavras-chave: neosporose, pequenos ruminantes, RIFI, soroprevalência |
| 650 ## - ASSUNTO - THESAGRO | |
| Cabeçalho tópico ou nome geográfico | CAPRINO |
| 650 ## - ASSUNTO - THESAGRO | |
| Cabeçalho tópico ou nome geográfico | NEOSPOROSE |
| 650 ## - ASSUNTO - THESAGRO | |
| Cabeçalho tópico ou nome geográfico | BIOQUÍMICA ANIMAL |
| 650 ## - ASSUNTO - THESAGRO | |
| Cabeçalho tópico ou nome geográfico | ANTICORPO |
| 773 0# - ENTRADA ANALÍTICA | |
| Host Biblionumber | 1643 |
| Registro do item | 317174 |
| Imprenta | Belo Horizonte-MG Universidade Federal de Minas Gerais - Escola de Veterinaria 1983 |
| Outro identificador | 2024-3790 |
| Título | Arquivo Brasileiro de Medicina Veterinária e Zootecnia (Brazil) |
| ISSN | 0102-0935 |
| Colação | v. 70(1) p. 147-152; (2018) |
| Número de controle de registro | BR2024002284 |
| 856 ## - ACESSO E ENDEREÇO ELETRÔNICO | |
| Identificador uniforme de recurso - URI | https://www.scielo.br/j/abmvz/a/jhSMtThdHhPPQB7VfZg8bzR/?format=pdf&lang=en |
Nenhum exemplar disponível.

BINAGRI